000 00441nam a2200145Ia 4500
008 100122s9999 xx 000 0 und d
082 _b21628
_a823
100 _aफडके ना सी
245 _aउद्याची बात
260 _bपंडित अनंत कुलकर्णी
_c1969
300 _a185
630 _aउद्याची बात
730 _aउद्याची बात
942 _cBOOK
999 _c409584
_d409581